[Event "Chinese Championship"]
[Site "Xinghua Jiangsu CHN"]
[Date "2011.03.30"]
[EventDate "2011.03.30"]
[Round "1"]
[Result "1/2-1/2"]
[White "Zhou Jianchao"]
[Black "Ding Liren"]
[WhiteElo "2660"]
[BlackElo "2637"]
[PlyCount "77"]

1. d4 Nf6 2. c4 g6 3. Nc3 Bg7 4. e4 d6 5. Nf3 O-O 6. Be2 e5
7. O-O Nc6 8. d5 Ne7 9. Ne1 Nd7 10. f3 f5 11. Be3 f4 12. Bf2
g5 13. Nd3 Nf6 14. c5 Ng6 15. Rc1 Rf7 16. a4 Bf8 17. a5 Rg7
18. b4 h5 19. cxd6 cxd6 20. Nb5 g4 21. Kh1 g3 22. Bxa7 Bh3
23. gxh3 Nh4 24. Rg1 Qd7 25. Bf1 Qxb5 26. Nxf4 Qd7 27. Ne6 g2+
28. Bxg2 Rxa7 29. Nxg7 Bxg7 30. Qc2 Bh6 31. Qf2 Bxc1 32. Rxc1
Nxg2 33. Qxa7 Nf4 34. Qb8+ Ne8 35. Qc8 Qb5 36. Qc4 Qa4 37. Qc8
Qb5 38. Qc4 Qa4 39. Qc8 1/2-1/2

[Event "Chinese Championship"]
[Site "Xinghua Jiangsu CHN"]
[Date "2011.03.31"]
[EventDate "2011.03.30"]
[Round "2"]
[Result "1-0"]
[White "Ding Liren"]
[Black "Zhang Ziyang"]
[WhiteElo "2637"]
[BlackElo "2442"]
[PlyCount "119"]

1. d4 d5 2. c4 c6 3. Nf3 Nf6 4. Nc3 g6 5. Qb3 Bg7 6. cxd5 cxd5
7. Bg5 e6 8. e3 Nc6 9. Bb5 Bd7 10. O-O O-O 11. Ne5 h6 12. Nxd7
Qxd7 13. Bh4 Rfc8 14. Rac1 a6 15. Bd3 b5 16. Qd1 Na5 17. b3
Rc6 18. f3 Rac8 19. Qd2 Qc7 20. Ne2 Qb6 21. Rxc6 Nxc6 22. Rc1
Qb7 23. Bb1 Ne7 24. g4 Nc6 25. Kg2 Nb8 26. Bg3 Bf8 27. Nf4
Rxc1 28. Qxc1 Qc6 29. Qd2 Nbd7 30. Qc2 Qxc2+ 31. Bxc2 Bd6
32. Be1 Nb8 33. Nd3 Nfd7 34. h3 Nc6 35. Kf2 Kf8 36. b4 Nb6
37. Nc5 Nb8 38. Ke2 Ke7 39. Bc3 Nc4 40. e4 Bxc5 41. dxc5 Nc6
42. exd5 exd5 43. a4 Ke6 44. axb5 axb5 45. f4 f5 46. Bd3 h5
47. gxf5+ gxf5 48. Kf3 Ne7 49. Kg3 Ng6 50. h4 Ne7 51. Be2 Nc6
52. Bxh5 d4 53. Be1 d3 54. Bf3 Nd4 55. Bc3 Nxf3 56. Kxf3 d2
57. Ke2 d1=Q+ 58. Kxd1 Ne3+ 59. Kd2 Ng2 60. h5 1-0

[Event "Chinese Championship"]
[Site "Xinghua Jiangsu CHN"]
[Date "2011.04.01"]
[EventDate "2011.03.30"]
[Round "3"]
[Result "0-1"]
[White "Bu Xiangzhi"]
[Black "Ding Liren"]
[WhiteElo "2677"]
[BlackElo "2637"]
[PlyCount "104"]

1. d4 Nf6 2. c4 g6 3. g3 Bg7 4. Bg2 O-O 5. Nc3 d6 6. Nf3 Nc6
7. O-O a6 8. Qd3 e5 9. dxe5 dxe5 10. Qxd8 Rxd8 11. Bg5 Re8
12. Rfd1 h6 13. Be3 e4 14. Nd2 Bf5 15. h3 g5 16. g4 Bg6
17. Rac1 Re5 18. a3 Rd8 19. b4 Ree8 20. Kf1 Nd4 21. Ke1 b6
22. Nf1 c5 23. Ng3 Bf8 24. Na4 Re6 25. Bxd4 cxd4 26. Nf5 d3
27. c5 bxc5 28. Nxc5 Re5 29. Nxa6 Ra8 30. Nc5 dxe2 31. Rd4
Bxf5 32. gxf5 Rxa3 33. Nxe4 Nh5 34. Kxe2 Rxf5 35. Kf1 Ra2
36. Rd2 Rxd2 37. Nxd2 Bxb4 38. Ne4 Nf4 39. Ng3 Ra5 40. Be4 Bc5
41. Nf5 h5 42. h4 gxh4 43. Nxh4 Ra2 44. f3 Ba7 45. Nf5 Kh7
46. Ne3+ Kg7 47. Nd5 Rf2+ 48. Ke1 Ng2+ 49. Kd1 h4 50. Rc2 Rxc2
51. Kxc2 h3 52. f4 f5 0-1

[Event "Chinese Championship"]
[Site "Xinghua Jiangsu CHN"]
[Date "2011.04.02"]
[EventDate "2011.03.30"]
[Round "4"]
[Result "1/2-1/2"]
[White "Ding Liren"]
[Black "Yu Yangyi"]
[WhiteElo "2637"]
[BlackElo "2652"]
[PlyCount "114"]

1. d4 Nf6 2. c4 e6 3. Nc3 Bb4 4. f3 c5 5. d5 O-O 6. e4 Re8
7. Ne2 d6 8. Nf4 exd5 9. cxd5 Nbd7 10. Be2 Ne5 11. Nd3 Nxd3+
12. Qxd3 Nh5 13. Be3 f5 14. O-O Bxc3 15. bxc3 Qh4 16. Qd2 h6
17. Bf2 Qg5 18. Qxg5 hxg5 19. Bb5 Re5 20. Rfe1 Nf4 21. Bg3 a6
22. Bf1 fxe4 23. Rxe4 Rxe4 24. fxe4 Bg4 25. Re1 Rd8 26. h3 Bc8
27. e5 dxe5 28. Rxe5 Kf7 29. d6 Ne6 30. Rf5+ Kg6 31. Bd3 Kh6
32. Be4 Nf4 33. Rxc5 Ne2+ 34. Kh2 Nxg3 35. Kxg3 Be6 36. h4
gxh4+ 37. Kxh4 g6 38. g4 Rxd6 39. Rc7 g5+ 40. Kg3 Rd7 41. Rxd7
Bxd7 42. Bxb7 Be6 43. Bxa6 Bxa2 44. c4 Kg7 45. Kf3 Kf6 46. Ke4
Ke6 47. c5 Bd5+ 48. Kd4 Bf3 49. Bc8+ Ke7 50. Ke3 Bd1 51. Kd2
Bf3 52. Ke3 Bd1 53. Ke4 Kd8 54. Bf5 Kc7 55. Ke3 Kc6 56. Kd4
Be2 57. Be6 Bd1 1/2-1/2

[Event "Chinese Championship"]
[Site "Xinghua Jiangsu CHN"]
[Date "2011.04.03"]
[EventDate "2011.03.30"]
[Round "5"]
[Result "1/2-1/2"]
[White "Zhao Jun"]
[Black "Ding Liren"]
[WhiteElo "2580"]
[BlackElo "2637"]
[PlyCount "74"]

1. d4 Nf6 2. c4 g6 3. Nc3 Bg7 4. g3 O-O 5. Bg2 d6 6. Nf3 Nc6
7. O-O Rb8 8. Bf4 a6 9. Rc1 Bd7 10. b3 b5 11. Qd3 Re8 12. Rfd1
b4 13. Nd5 Nxd5 14. cxd5 Na7 15. h3 Nb5 16. Bd2 a5 17. Kh2 e6
18. dxe6 Bxe6 19. e4 c5 20. dxc5 dxc5 21. Qc2 Rc8 22. Be3 Nd4
23. Qb1 Qb6 24. Nxd4 cxd4 25. Bd2 Rxc1 26. Rxc1 Rc8 27. Rxc8+
Bxc8 28. Bf1 d3 29. Be3 Bd4 30. Qxd3 Bxe3 31. fxe3 Qf6 32. Bg2
Be6 33. Qd4 Kg7 34. Qd3 Kg8 35. Qd4 Qe7 36. Qb6 Qg5 37. Qb8+
Kg7 1/2-1/2

[Event "Chinese Championship"]
[Site "Xinghua Jiangsu CHN"]
[Date "2011.04.04"]
[EventDate "2011.03.30"]
[Round "6"]
[Result "0-1"]
[White "Li Shilong"]
[Black "Ding Liren"]
[WhiteElo "2520"]
[BlackElo "2637"]
[PlyCount "110"]

1. d4 Nf6 2. c4 g6 3. Nc3 Bg7 4. e4 d6 5. Be2 O-O 6. Bg5 c5
7. d5 h6 8. Be3 e6 9. Qd2 exd5 10. cxd5 Re8 11. f3 Nh7 12. Bb5
Nd7 13. Nh3 a6 14. Be2 b5 15. O-O h5 16. Nf2 b4 17. Na4 a5
18. Rac1 Nb6 19. Nxb6 Qxb6 20. Kh1 a4 21. Bh6 Bd4 22. Nd1 Ba6
23. Bxa6 Qxa6 24. Ne3 Nf8 25. Nc4 Nd7 26. Bf4 Ne5 27. Bxe5
Bxe5 28. Qd3 Bf4 29. Rcd1 h4 30. Rg1 Re7 31. g3 hxg3 32. hxg3
Bh6 33. Kg2 Rae8 34. Rge1 Bg7 35. Re2 Bd4 36. Rh1 Kg7 37. b3
axb3 38. axb3 Rh8 39. Rxh8 Kxh8 40. Qb1 Ra7 41. f4 Kg7 42. Rd2
Ra8 43. Kf3 Rh8 44. Qa2 Qc8 45. Rh2 Rxh2 46. Qxh2 Qa6 47. Qe2
Qa1 48. Nxd6 Qh1+ 49. Qg2 Qd1+ 50. Qe2 Qxb3+ 51. Kg4 Qb1
52. Qf3 Qc1 53. f5 Qh6 54. f6+ Kg8 55. Nc4 Qh5+ 0-1

[Event "Chinese Championship"]
[Site "Xinghua Jiangsu CHN"]
[Date "2011.04.06"]
[EventDate "2011.03.30"]
[Round "7"]
[Result "1-0"]
[White "Ding Liren"]
[Black "Ni Hua"]
[WhiteElo "2637"]
[BlackElo "2646"]
[PlyCount "81"]

1. d4 d5 2. c4 c6 3. Nf3 Nf6 4. Nc3 dxc4 5. a4 Bf5 6. Ne5 Nbd7
7. Nxc4 Nb6 8. Ne5 a5 9. e3 Nbd7 10. Nc4 e6 11. f3 Bb4 12. e4
Bg6 13. Be2 Nb6 14. Ne5 Nfd7 15. Nd3 O-O 16. O-O Qe7 17. Qb3
e5 18. dxe5 Nxe5 19. Nxb4 Qxb4 20. Qxb4 axb4 21. Nd1 f5
22. Be3 Ned7 23. exf5 Rxf5 24. Bd2 Re5 25. Re1 Rae8 26. Kf2
Nc5 27. Bxb4 Rxe2+ 28. Rxe2 Nd3+ 29. Kf1 Rxe2 30. Kxe2 Nxb4
31. Ne3 Kf7 32. a5 Nd7 33. Kd2 Ke6 34. Kc3 c5 35. Nc4 Nd5+
36. Kd2 N5f6 37. Re1+ Kd5 38. b3 Ng8 39. g4 h6 40. h4 Kd4
41. Re6 1-0

[Event "Chinese Championship"]
[Site "Xinghua Jiangsu CHN"]
[Date "2011.04.07"]
[EventDate "2011.03.30"]
[Round "8"]
[Result "1/2-1/2"]
[White "Yifan Hou"]
[Black "Ding Liren"]
[WhiteElo "2602"]
[BlackElo "2637"]
[PlyCount "60"]

1. e4 e6 2. d4 d5 3. Nc3 Nf6 4. Bg5 dxe4 5. Nxe4 Nbd7 6. Nf3
h6 7. Nxf6+ Nxf6 8. Bh4 c5 9. Bc4 a6 10. O-O Be7 11. Bb3 O-O
12. Qe2 cxd4 13. Rad1 Nd7 14. Bxe7 Qxe7 15. Rxd4 Nc5 16. Ne5
Bd7 17. Nxd7 Nxd7 18. c3 Rfd8 19. Rfd1 Nf6 20. Qd3 Rxd4
21. Qxd4 Rc8 22. f3 Qc7 23. Qd6 Qxd6 24. Rxd6 Kf8 25. Kf2 Ke7
26. Rd4 Ne8 27. h4 h5 28. Rc4 Rd8 29. Ke2 g6 30. Bc2 Rd7
1/2-1/2

[Event "Chinese Championship"]
[Site "Xinghua Jiangsu CHN"]
[Date "2011.04.08"]
[EventDate "2011.03.30"]
[Round "9"]
[Result "1-0"]
[White "Ding Liren"]
[Black "Li Chao"]
[WhiteElo "2637"]
[BlackElo "2646"]
[PlyCount "163"]

1. d4 d5 2. c4 c6 3. Nf3 Nf6 4. Nc3 dxc4 5. a4 Bf5 6. Nh4 e6
7. Nxf5 exf5 8. e3 Bb4 9. Bxc4 O-O 10. O-O a5 11. f3 c5
12. Na2 cxd4 13. Nxb4 axb4 14. exd4 Nc6 15. Be3 Nd5 16. Bf2
Qd6 17. Re1 Rfd8 18. Qd2 h6 19. Bb3 Qf6 20. Rac1 Rd7 21. Rc5
Rad8 22. Rb5 Nc7 23. Rxb7 Nxd4 24. Qxb4 Na6 25. Bxd4 Rxb7
26. Qxb7 Qxd4+ 27. Kh1 Kh7 28. Qxf7 Qc5 29. h4 Qb4 30. Qe7 Nc5
31. Bc2 Rd5 32. Re5 Rxe5 33. Qxe5 Qxh4+ 34. Kg1 g6 35. g3 Qc4
36. Qc3 Qd5 37. a5 Qd6 38. Kg2 Na6 39. Bb3 h5 40. Qc4 Nc5
41. Qd5 Qb8 42. Qxc5 Qxb3 43. Qc7+ Kh6 44. Qc3 Qd1 45. Qe3+ g5
46. a6 Qa1 47. Qb6+ Kg7 48. a7 Qa4 49. Qc7+ Kh6 50. Qd6+ Kh7
51. Qe7+ Kg6 52. Qe6+ Kg7 53. Qxf5 Qxa7 54. Qxg5+ Kf8 55. Qh6+
Kg8 56. Qxh5 Qe3 57. Qg4+ Kh8 58. Qc8+ Kh7 59. Qc2+ Kh6 60. b4
Qd4 61. b5 Qb4 62. Qc6+ Kg5 63. Qd5+ Kf6 64. f4 Qb2+ 65. Kh3
Qb1 66. Qc6+ Kf5 67. Qd5+ Kf6 68. Kg4 Qf1 69. Qd6+ Kf7 70. b6
Qb5 71. Qc7+ Kg6 72. Qd6+ Kf7 73. Kh4 Qb2 74. Qd5+ Kg6
75. Qe6+ Kh7 76. Qe4+ Kh6 77. Qc6+ Kg7 78. b7 Qh2+ 79. Kg4
Qe2+ 80. Kg5 Qe7+ 81. Kf5 Qf7+ 82. Kg4 1-0

[Event "Chinese Championship"]
[Site "Xinghua Jiangsu CHN"]
[Date "2011.04.09"]
[EventDate "2011.03.30"]
[Round "10"]
[Result "0-1"]
[White "Xiu Deshun"]
[Black "Ding Liren"]
[WhiteElo "2508"]
[BlackElo "2637"]
[PlyCount "56"]

1. d4 Nf6 2. c4 g6 3. Nc3 Bg7 4. e4 d6 5. f3 O-O 6. Be3 Nc6
7. Qd2 a6 8. Nge2 Rb8 9. h4 h5 10. Nd5 b5 11. O-O-O bxc4
12. Nxf6+ exf6 13. Nf4 f5 14. Bxc4 Ne7 15. Bb3 c6 16. Kb1 a5
17. e5 Rb5 18. Bc4 Rb4 19. b3 d5 20. Be2 c5 21. dxc5 Qc7
22. Bd4 Rxd4 23. Qxd4 Bxe5 24. Nxd5 Nxd5 25. Qxd5 Be6 26. Qd2
Qxc5 27. Rc1 Qb6 28. Bc4 Rd8 0-1

[Event "Chinese Championship"]
[Site "Xinghua Jiangsu CHN"]
[Date "2011.04.10"]
[EventDate "2011.03.30"]
[Round "11"]
[Result "1-0"]
[White "Ding Liren"]
[Black "Wang Yue"]
[WhiteElo "2637"]
[BlackElo "2734"]
[PlyCount "93"]

1. d4 d5 2. c4 c6 3. Nf3 Nf6 4. Nc3 dxc4 5. a4 Bf5 6. Ne5 Nbd7
7. Nxc4 Qc7 8. g3 e5 9. dxe5 Nxe5 10. Bf4 Rd8 11. Qc1 Bd6
12. Nxd6+ Qxd6 13. Bg2 O-O 14. O-O a5 15. Qe3 Nfg4 16. Qb6 Qb4
17. Qxb4 axb4 18. Na2 Ng6 19. Rfd1 b3 20. Nc3 N4e5 21. Rxd8
Rxd8 22. Bc1 h5 23. a5 h4 24. f4 h3 25. Bf1 Ng4 26. e4 Bc8
27. Bxh3 f5 28. e5 Ne7 29. Bf1 Be6 30. h3 Nh6 31. Be3 Nf7
32. Na4 Nd5 33. Kf2 Ra8 34. Nc5 Nd8 35. Nxe6 Nxe6 36. Bc4 Kf7
37. Bxb3 Ke7 38. Bxd5 cxd5 39. b4 Kd7 40. Rd1 Kc6 41. b5+ Kxb5
42. Rxd5+ Kc4 43. Rd6 Nc7 44. Rd4+ Kb5 45. Rd7 Kc6 46. Rd6+
Kb5 47. Bb6 1-0

[Event "Chinese League"]
[Site "Ningbo CHN"]
[Date "2011.04.12"]
[EventDate "2011.04.12"]
[Round "1"]
[Result "1-0"]
[White "Ding Liren"]
[Black "Zhonghan Ma"]
[WhiteElo "2637"]
[BlackElo "2262"]
[PlyCount "81"]

1. d4 d5 2. c4 c6 3. Nf3 Nf6 4. Nc3 a6 5. e3 b5 6. b3 Bg4
7. Bd2 Nbd7 8. h3 Bxf3 9. Qxf3 e6 10. Bd3 Bd6 11. Qd1 O-O
12. c5 Bc7 13. f4 b4 14. Ne2 a5 15. Qc2 g6 16. g4 Ra7 17. Kf2
Qe7 18. Rag1 Rfa8 19. h4 a4 20. Nc1 axb3 21. axb3 Ra1 22. h5
e5 23. hxg6 fxg6 24. dxe5 Bxe5 25. g5 Nh5 26. Bxg6 hxg6
27. Qxg6+ Ng7 28. Qh7+ Kf7 29. g6+ Ke8 30. Qg8+ Qf8 31. Qxf8+
Kxf8 32. fxe5 Nxe5 33. Ke2 Ke7 34. Bxb4 Ke6 35. Bc3 R1a7
36. Rh7 Nf5 37. g7 Rg8 38. Bxe5 Kxe5 39. Rg6 d4 40. Nd3+ Kd5
41. e4+ 1-0

[Event "Chinese League"]
[Site "Ningbo CHN"]
[Date "2011.04.13"]
[EventDate "2011.04.12"]
[Round "2"]
[Result "0-1"]
[White "Fan Chen"]
[Black "Ding Liren"]
[WhiteElo "2345"]
[BlackElo "2637"]
[PlyCount "80"]

1. e4 c5 2. Nf3 e6 3. d4 cxd4 4. Nxd4 a6 5. Be2 Nf6 6. Nc3 Bb4
7. Qd3 d6 8. f3 Nbd7 9. a3 Ne5 10. Qd2 Bc5 11. f4 Neg4 12. Nb3
Bf2+ 13. Kf1 Ba7 14. Bxg4 Nxg4 15. Qe2 Nf2 16. Rg1 Qb6 17. Na4
Qc6 18. Nc3 Bd7 19. g4 e5 20. Rg2 Nh3 21. f5 Rc8 22. Qd3 Nf4
23. Bxf4 exf4 24. Rd2 g5 25. Nd5 Qb5 26. c4 Qxc4 27. Qxc4 Rxc4
28. Na5 Rd4 29. Rc2 Bb5+ 30. Kg2 O-O 31. Nb3 Rd3 32. Nc1 Rd1
33. h4 h6 34. a4 Bc6 35. Ne7+ Kg7 36. Nxc6 bxc6 37. Nb3 f3+
38. Kh3 Rxa1 39. Nxa1 f2 40. Rc1 Re8 0-1

[Event "Chinese League"]
[Site "Ningbo CHN"]
[Date "2011.04.14"]
[EventDate "2011.04.12"]
[Round "3"]
[Result "0-1"]
[White "Ding Liren"]
[Black "Li Chao"]
[WhiteElo "2637"]
[BlackElo "2646"]
[PlyCount "104"]

1. d4 Nf6 2. c4 g6 3. f3 d5 4. cxd5 Nxd5 5. e4 Nb6 6. Nc3 Bg7
7. Be3 O-O 8. Qd2 Nc6 9. O-O-O f5 10. e5 Nb4 11. Nh3 a5 12. a3
N4d5 13. Nf4 Nxf4 14. Bxf4 c6 15. h4 Be6 16. h5 Nd5 17. hxg6
hxg6 18. Bh6 Nxc3 19. bxc3 Qb6 20. Bxg7 Kxg7 21. d5 cxd5
22. Qh6+ Kf7 23. Qh7+ Ke8 24. Qxg6+ Kd7 25. Rh6 Qe3+ 26. Kc2
Qxe5 27. Bb5+ Kd6 28. c4 Rf6 29. Qg7 Rc8 30. Rh8 d4 31. Rxc8
Bxc8 32. Qh8 Kc7 33. Qh4 Rd6 34. Qe1 d3+ 35. Kb3 Qxe1 36. Rxe1
e5 37. Kc3 e4 38. Kd2 Re6 39. c5 Bd7 40. Bc4 Re8 41. g4 fxg4
42. fxe4 Kc6 43. e5 Bf5 44. Bf7 Re7 45. e6 Kd5 46. Rh1 Bxe6
47. Bxe6+ Rxe6 48. Kxd3 Rg6 49. Rh5+ Kc6 50. Ke2 g3 51. Kf1
g2+ 52. Kg1 Rg3 0-1

[Event "2nd Danzhou Tournament"]
[Site "Danzhou CHN"]
[Date "2011.05.15"]
[EventDate "2011.05.17"]
[Round "1"]
[Result "1/2-1/2"]
[White "Wang Yue"]
[Black "Ding Liren"]
[WhiteElo "2714"]
[BlackElo "2664"]
[PlyCount "147"]

1. e4 e6 2. d4 d5 3. Nc3 Nf6 4. e5 Nfd7 5. f4 c5 6. Nf3 Nc6
7. Be3 a6 8. Qd2 b5 9. dxc5 Bxc5 10. Bd3 Qb6 11. Bf2 Bb7
12. O-O Rc8 13. Rae1 Bxf2+ 14. Rxf2 Ne7 15. Ne2 Nc5 16. Qe3
Qa5 17. Ned4 Ne4 18. a3 Nxf2 19. Qxf2 Qb6 20. c3 h6 21. f5
exf5 22. e6 O-O 23. Ne5 fxe6 24. Nd7 Qd6 25. Nxf8 Rxf8
26. Rxe6 Qc7 27. Qg3 Qxg3 28. hxg3 Rf7 29. Nxf5 Nxf5 30. Re8+
Rf8 31. Rxf8+ Kxf8 32. Bxf5 Ke7 33. Kf2 Kd6 34. Bd3 Ke5
35. Ke3 Bc6 36. b4 Bd7 37. Be2 Bf5 38. g4 Bd7 39. g5 hxg5
40. g3 g6 41. Bd1 Bf5 42. a4 Bd7 43. axb5 axb5 44. Be2 Bc6
45. Bd3 Be8 46. Bb1 Bf7 47. Bc2 Be8 48. Bd3 g4 49. Bc2 Bf7
50. Bb1 Be8 51. Bd3 g5 52. Bb1 Bh5 53. Bc2 Bf7 54. Bd3 Be8
55. Bc2 Bf7 56. Bh7 Be8 57. Bd3 Bc6 58. Bg6 Bd7 59. Bh5 Bc6
60. Bxg4 Be8 61. Be2 Bc6 62. Bd3 Be8 63. Bc2 Bc6 64. Bb3 Be8
65. Bd1 Bc6 66. Bh5 Bd7 67. Bg6 Bc6 68. Bh5 Bd7 69. Bg6 Bc6
70. Bf7 Kf6 71. Bg8 Ke5 72. Bf7 Kf6 73. Bg8 Ke5 74. Bf7
1/2-1/2

[Event "2nd Danzhou Tournament"]
[Site "Danzhou CHN"]
[Date "2011.05.16"]
[EventDate "2011.05.17"]
[Round "2"]
[Result "1/2-1/2"]
[White "Ding Liren"]
[Black "Bu Xiangzhi"]
[WhiteElo "2664"]
[BlackElo "2662"]
[PlyCount "117"]

1. d4 d5 2. c4 c6 3. Nf3 Nf6 4. Nc3 dxc4 5. a4 Bf5 6. Ne5 Nbd7
7. Nxc4 Nb6 8. Ne5 a5 9. e3 g6 10. Bd3 Bxd3 11. Nxd3 Nbd5
12. Qb3 Qb6 13. Qxb6 Nxb6 14. Ke2 Nfd5 15. Nxd5 Nxd5 16. Bd2
e6 17. Rhc1 Be7 18. e4 Nf6 19. f3 Nd7 20. Rc3 Kd8 21. Rb3 Kc8
22. Rc1 Re8 23. g4 Ra6 24. g5 Rh8 25. h4 h6 26. gxh6 Bf8
27. h5 gxh5 28. Rb5 Nf6 29. Ne5 Bxh6 30. Bxh6 Rxh6 31. Nxf7
Rh7 32. Nd6+ Kb8 33. Re5 Rb6 34. Nc4 Rb4 35. Rxe6 Nd7 36. d5
cxd5 37. exd5 Rh8 38. Re7 Nb6 39. Nxb6 Rxb2+ 40. Ke3 Rxb6
41. Rd1 h4 42. d6 h3 43. d7 Rd8 44. Rh7 Kc7 45. Ke4 Re6+
46. Kf5 Rd6 47. Rxd6 Kxd6 48. Rxh3 Rxd7 49. f4 b5 50. axb5 Kc5
51. Ke6 Rd1 52. f5 Re1+ 53. Kd7 Rd1+ 54. Kc7 Kxb5 55. Rf3 Rc1+
56. Kd7 Rd1+ 57. Kc7 Rc1+ 58. Kd7 Rd1+ 59. Kc7 1/2-1/2

[Event "2nd Danzhou Tournament"]
[Site "Danzhou CHN"]
[Date "2011.05.17"]
[EventDate "2011.05.17"]
[Round "3"]
[Result "1/2-1/2"]
[White "Zhou Jianchao"]
[Black "Ding Liren"]
[WhiteElo "2636"]
[BlackElo "2664"]
[PlyCount "160"]

1. d4 Nf6 2. c4 g6 3. Nc3 Bg7 4. e4 d6 5. Nf3 O-O 6. Be2 e5
7. O-O Nc6 8. d5 Ne7 9. Ne1 Nd7 10. f3 f5 11. Bg5 f4 12. Bh4
h5 13. Nd3 Bh6 14. Bf2 g5 15. c5 Nf6 16. Rc1 g4 17. Nb5 g3
18. hxg3 fxg3 19. Bxg3 Ng6 20. Be1 a6 21. Nc3 h4 22. f4 exf4
23. Bh5 Nxh5 24. Qxh5 Qg5 25. Qxg5 Bxg5 26. Bd2 Bd7 27. Rf3
Rf7 28. Rcf1 Raf8 29. Ne2 Bg4 30. R3f2 Bxe2 31. Rxe2 f3
32. gxf3 Bxd2 33. Rxd2 Rxf3 34. Rxf3 Rxf3 35. c6 bxc6 36. dxc6
h3 37. Kh2 Kg7 38. e5 d5 39. Nf2 Nf4 40. Ng4 Kf7 41. Nf6 Ke6
42. Ne8 Kxe5 43. Nxc7 Kd6 44. Nxa6 Kxc6 45. a4 Kb6 46. Nb4 Kc5
47. Na6+ Kd6 48. Nb4 Rb3 49. Nxd5 Nxd5 50. a5 Ke5 51. a6 Nf6
52. Re2+ Kd6 53. a7 Ng4+ 54. Kh1 Rf3 55. Re1 Rf8 56. Ra1 Ra8
57. Ra4 Ne5 58. Kh2 Nc6 59. Kxh3 Nxa7 60. Kg3 Rg8+ 61. Kf3 Nc6
62. Rh4 Kd5 63. Ke3 Rg2 64. b4 Rb2 65. Rh5+ Ne5 66. Rh4 Rb3+
67. Kd2 Nf3+ 68. Kc2 Re3 69. Rh5+ Kc4 70. Rc5+ Kxb4 71. Rc8
Ne5 72. Kd2 Rh3 73. Ke2 Nd3 74. Kd2 Nc5 75. Ke2 Kc4 76. Kd2
Rh7 77. Ke3 Re7+ 78. Kf4 Kd4 79. Rd8+ Nd7 80. Kf5 Kd5 1/2-1/2

[Event "2nd Danzhou Tournament"]
[Site "Danzhou CHN"]
[Date "2011.05.18"]
[EventDate "2011.05.17"]
[Round "4"]
[Result "0-1"]
[White "Ding Liren"]
[Black "Zhou Weiqi"]
[WhiteElo "2664"]
[BlackElo "2610"]
[PlyCount "58"]

1. d4 e6 2. c4 Nf6 3. Nc3 Bb4 4. f3 d5 5. a3 Bxc3+ 6. bxc3 c5
7. cxd5 Nxd5 8. dxc5 f5 9. e4 fxe4 10. Qc2 Nd7 11. fxe4 N5f6
12. c6 bxc6 13. Nf3 Qa5 14. Bd2 O-O 15. c4 Qc7 16. c5 Ng4
17. Rc1 Nde5 18. Be2 Ba6 19. Qb3 Bxe2 20. Kxe2 Qc8 21. Rc3 Rb8
22. Qa4 Rb2 23. Qxa7 Rf7 24. Qa4 Qb8 25. h3 Ra7 26. Qd1 Nf6
27. Rc2 Qb5+ 28. Kf2 Nxe4+ 29. Kg1 Nxf3+ 0-1

[Event "2nd Danzhou Tournament"]
[Site "Danzhou CHN"]
[Date "2011.05.19"]
[EventDate "2011.05.17"]
[Round "5"]
[Result "1-0"]
[White "Wang Hao"]
[Black "Ding Liren"]
[WhiteElo "2732"]
[BlackElo "2664"]
[PlyCount "75"]

1. d4 Nf6 2. c4 g6 3. Nc3 Bg7 4. e4 d6 5. f3 O-O 6. Be3 Nc6
7. Nge2 a6 8. Qd2 Rb8 9. h4 h5 10. Nc1 e5 11. d5 Nd4 12. Nb3
c5 13. dxc6 bxc6 14. Nxd4 exd4 15. Bxd4 Re8 16. Rd1 d5
17. cxd5 cxd5 18. e5 Nd7 19. f4 f6 20. Ba7 Rb7 21. Qxd5+ Kh8
22. Be3 fxe5 23. f5 Rxb2 24. Qf7 e4 25. Bd4 Nf6 26. Qxg6 Rf8
27. Be2 Qc7 28. O-O Rc2 29. Nd5 Nxd5 30. Bxg7+ Qxg7 31. Qxh5+
Qh7 32. Rxd5 Qxh5 33. Bxh5 e3 34. f6 Rxa2 35. Bf3 Be6 36. Rh5+
Kg8 37. Re5 Bc4 38. Rc1 1-0

[Event "2nd Danzhou Tournament"]
[Site "Danzhou CHN"]
[Date "2011.05.20"]
[EventDate "2011.05.17"]
[Round "6"]
[Result "1/2-1/2"]
[White "Ding Liren"]
[Black "Yu Yangyi"]
[WhiteElo "2664"]
[BlackElo "2646"]
[PlyCount "58"]

1. d4 Nf6 2. c4 e6 3. Nf3 Bb4+ 4. Bd2 Bxd2+ 5. Qxd2 O-O 6. g3
d5 7. Bg2 Qe7 8. O-O Rd8 9. Qc2 Nc6 10. Rd1 dxc4 11. Na3 Bd7
12. Nxc4 Nb4 13. Qb3 Rab8 14. Rac1 Be8 15. Qa3 b6 16. Qb3 c5
17. dxc5 Rxd1+ 18. Rxd1 Qxc5 19. Nfe5 b5 20. Ne3 a5 21. Nd3
Nxd3 22. Qxd3 Rc8 23. a3 h6 24. Qd2 b4 25. axb4 axb4 26. Qd4
Qb5 27. Qd2 Qc5 28. Qd4 Qb5 29. Qd2 Qc5 1/2-1/2

[Event "2nd Danzhou Tournament"]
[Site "Danzhou CHN"]
[Date "2011.05.22"]
[EventDate "2011.05.17"]
[Round "7"]
[Result "1/2-1/2"]
[White "Yifan Hou"]
[Black "Ding Liren"]
[WhiteElo "2612"]
[BlackElo "2664"]
[PlyCount "92"]

1. e4 c5 2. Nf3 e6 3. d4 cxd4 4. Nxd4 a6 5. Bd3 Bc5 6. Nb3 Ba7
7. Qe2 Nc6 8. Nc3 b5 9. Be3 d6 10. f4 Nf6 11. O-O b4 12. Nd1
O-O 13. Bxa7 Rxa7 14. Kh1 e5 15. Ne3 Re8 16. Rad1 exf4
17. Rxf4 Rae7 18. Rdf1 d5 19. Bxa6 Nxe4 20. Bxc8 Nd6 21. Qa6
Nb8 22. Qa8 Qxc8 23. Qxd5 Qc7 24. Nf5 Nxf5 25. Rxf5 Nc6 26. h3
Ne5 27. Qc5 g6 28. R5f4 Qxc5 29. Nxc5 Rc8 30. Nd3 Nxd3
31. cxd3 Rb7 32. R1f2 Rc1+ 33. Kh2 Rd1 34. Rd4 Kg7 35. Rff4 b3
36. axb3 Rd2 37. b4 Rxb2 38. h4 f5 39. Kg3 Re7 40. Kf3 h5
41. Rc4 Ree2 42. g3 Kh6 43. Rc7 Rf2+ 44. Ke3 Rfe2+ 45. Kf3
Rf2+ 46. Ke3 Rfe2+ 1/2-1/2

[Event "2nd Danzhou Tournament"]
[Site "Danzhou CHN"]
[Date "2011.05.23"]
[EventDate "2011.05.17"]
[Round "8"]
[Result "0-1"]
[White "Ding Liren"]
[Black "Ni Hua"]
[WhiteElo "2664"]
[BlackElo "2661"]
[PlyCount "100"]

1. d4 d5 2. c4 c6 3. Nc3 Nf6 4. e3 a6 5. Nf3 b5 6. b3 Bg4
7. Be2 Nbd7 8. O-O e6 9. h3 Bh5 10. Bb2 Bd6 11. c5 Bb8 12. Ne5
Bxe2 13. Nxe2 Qc7 14. Nf4 a5 15. a4 b4 16. f3 Nf8 17. e4 N8d7
18. Qc2 Nxe5 19. dxe5 Nd7 20. Nd3 f6 21. f4 dxe4 22. exf6 exd3
23. fxg7 Rg8 24. Qxd3 Ba7 25. Qxh7 O-O-O 26. Rad1 Nxc5
27. Rxd8+ Qxd8 28. Kh2 Kb7 29. Bf6 Qe8 30. Rd1 Bb6 31. Be7 Qf7
32. Bxc5 Bxc5 33. Rd7+ Qxd7 34. Qxg8 Bd4 35. h4 Bxg7 36. h5
Qe7 37. g3 Kc7 38. Qa8 Qc5 39. Qe8 Bd4 40. h6 Qc2+ 41. Kh3
Qxb3 42. Qe7+ Kb6 43. Qd8+ Kc5 44. Qe7+ Kc4 45. Qxe6+ Kc3
46. Qxc6+ Qc4 47. Qf3+ Qd3 48. Qc6+ Kd2 49. Qg2+ Ke1 50. Qd5
b3 0-1

[Event "2nd Danzhou Tournament"]
[Site "Danzhou CHN"]
[Date "2011.05.24"]
[EventDate "2011.05.17"]
[Round "9"]
[Result "1/2-1/2"]
[White "Li Chao"]
[Black "Ding Liren"]
[WhiteElo "2656"]
[BlackElo "2664"]
[PlyCount "118"]

1. e4 e6 2. d4 d5 3. Nc3 Nf6 4. e5 Nfd7 5. f4 c5 6. Nf3 Nc6
7. Be3 a6 8. Qd2 b5 9. Be2 Qb6 10. Nd1 cxd4 11. Nxd4 Nxd4
12. Bxd4 Bc5 13. c3 b4 14. O-O O-O 15. Nf2 a5 16. Qe3 bxc3
17. bxc3 Ba6 18. Nd3 Bxd4 19. cxd4 Rac8 20. Rab1 Qa7 21. f5
exf5 22. Rxf5 Rc2 23. Bf1 Re8 24. Kh1 Rc3 25. Rd1 Nf8 26. Qe1
Bxd3 27. Bxd3 Rec8 28. Rf3 g6 29. Bf5 Rxf3 30. Bxc8 Rf4
31. Qd2 Re4 32. h3 h5 33. Qc3 Re2 34. Qb3 Qc7 35. Ba6 Rc2
36. Qxd5 Ne6 37. Qa8+ Kh7 38. Qf3 Rc1 39. Bf1 Ng5 40. Rxc1
Qxc1 41. Qf2 Kg8 42. Kg1 Qc3 43. e6 Nxe6 44. d5 Nc5 45. Qf4
Kg7 46. Bc4 Qf6 47. Qxf6+ Kxf6 48. d6 Nb7 49. d7 Ke7 50. Kf2
Nd6 51. Bd5 Kxd7 52. Ke3 Ke7 53. Kd4 Kf6 54. Bc6 g5 55. Bf3 h4
56. a4 Ke6 57. Kc5 Ke5 58. Kb6 Nc4+ 59. Kb5 Nb2 1/2-1/2

[Event "Chinese League"]
[Site "Chengdu CHN"]
[Date "2011.05.26"]
[EventDate "2011.04.12"]
[Round "4"]
[Result "1-0"]
[White "Ding Liren"]
[Black "Wang Hao"]
[WhiteElo "2637"]
[BlackElo "2728"]
[PlyCount "65"]

1. d4 Nf6 2. c4 e6 3. Nf3 d5 4. Nc3 Bb4 5. cxd5 exd5 6. Bg5 h6
7. Bh4 c5 8. e3 c4 9. Nd2 g5 10. Bg3 Bf5 11. Be2 Nc6 12. h4
Rg8 13. a3 Bxc3 14. bxc3 b5 15. O-O Qe7 16. Re1 Kf8 17. hxg5
hxg5 18. e4 Nxe4 19. Nxe4 dxe4 20. a4 b4 21. d5 Rd8 22. Bxc4
Ne5 23. Bf1 bxc3 24. Qd4 f6 25. f3 exf3 26. Bxe5 fxe5 27. Rxe5
Qf6 28. Rae1 Kg7 29. g4 Bg6 30. Re7+ Bf7 31. Rxf7+ Kxf7
32. Qxa7+ Kf8 33. Re6 1-0